000 00398nam a2200181Ia 4500
001 11677
005 20260306162845.0
008 260306t1971||||xx |||||||||||||| ||spa||
041 _aESP
082 _a987
_bG69 V. 91
100 _aGonzalez, Florentino
_eAUT
245 0 _aMemorias
260 _c1971
300 _a
_c18.5 cm.
650 _aGEN
654 _aCHU
942 _cLIB
_dJUS
_fJUS
_2ddc
_n
999 _c11677
_d11677